00925nam a2200241Ia 450000500170000000800410001704000190005804100120007708200130008910000160010224501320011826000390025030000360028950400500032563000200037565000120039565100210040785000100042894200070043899900150044595201120046095201110057220230114121443.0131103s9999 xx 000 0 und d aLoreto College aEnglish a954bBAS aBasham,A.L. 4aThe wonder that was Indiab A survey of the culture of the Indian sub-continent before the coming of the Muslims. cA.L. Basham aLondonbSidgwick and Jacksonc1954 axxi, 566 p.b Maps, ill. plates aIncludes bibliographical references and index aIndia - History aHistory aCultural history aLCLIB cBK c784d51263 00102ddc4070aMAINbMAINd2013-11-04l3o954 BAS 34533pB18845r2019-09-26s2019-09-26w2013-11-04yBKf 00102ddc4070aMAINbMAINd2013-11-04l7o954 BAS 21391pB793r2019-03-12s2019-03-12w2013-11-04yBKf